Visualizzazione normale
Vista MARC
- Belletti F., Colella M.P., Menon M., Nanetti S., Pasta S., Perali F., Rossini R
di Personal Name
Records bibliografici associati: 1
001 - CONTROL NUMBER
- control field: 60783
003 - CONTROL NUMBER IDENTIFIER
- control field:
005 - DATE AND TIME OF LATEST TRANSACTION
- control field: 20240619144241.0
008 - FIXED-LENGTH DATA ELEMENTS
- fixed length control field: 240619|| aca||aabn | a|a d
040 ## - CATALOGING SOURCE
- Original cataloging agency:
- Transcribing agency:
100 ## - HEADING--PERSONAL NAME
- Personal name: Belletti F., Colella M.P., Menon M., Nanetti S., Pasta S., Perali F., Rossini R
670 ## - SOURCE DATA FOUND
- Source citation: Work cat.: ()360126: Centro Internazionale Studi Famiglia 60436, Famiglia & digitale. , 2022